Človek, ktorý sa hral s číslami Jacob Bernoulli (1654-1705)

História poistnej matematiky a štatistiky. Poistno-matematické zákonitosti, ktoré koncom 17. storočia objasnil matematik Jacob Bernoulli, a ktorým dal označenie Zlatá veta.

Salvato in:
Dettagli Bibliografici
Autore principale: Littvová, Zuzana
Natura: Capitolo di libro
Lingua:slovacco
Soggetti:
Tags: Aggiungi Tag
Nessun Tag, puoi essere il primo ad aggiungerne!!

MARC

LEADER 00000naa a2200000 4500
001 0200889
005 20221104112106.9
041 0 |a slo 
044 |a SK 
245 1 0 |a Človek, ktorý sa hral s číslami  |b Jacob Bernoulli (1654-1705)  |c Zuzana Littvová 
520 |a História poistnej matematiky a štatistiky. Poistno-matematické zákonitosti, ktoré koncom 17. storočia objasnil matematik Jacob Bernoulli, a ktorým dal označenie Zlatá veta. 
610 2 0 |a história 
610 2 0 |a osobnosť 
610 2 0 |a matematika poistná 
610 2 0 |a pravdepodobnosť 
610 2 0 |a štatistika 
610 2 0 |a matematika aplikovaná 
610 2 0 |a poisťovníctvo 
100 1 |a Littvová, Zuzana